000 00264nam a2200121Ia 4500
008 190216s9999||||xx |||||||||||||| ||und||
100 _aSanthosh Ghanna
245 0 _aHindi-Santh Jon
260 _bBharath Jyothi
300 _a184
650 _aHindi
942 _cBK
999 _c16373
_d16373